New Trends in Evaluation of Accounting Entity's Financial Performance Based on the Financial Statements

Salvato in:
Dettagli Bibliografici
Autore principale: Blahušiaková, Miriama, 1980-
Natura: Capitolo di libro
Lingua:inglese
Soggetti:
Tags: Aggiungi Tag
Nessun Tag, puoi essere il primo ad aggiungerne!!

MARC

LEADER 00000nla a2200000 4500
001 0233953
005 20240502083623.1
041 0 |a eng 
044 |a RS 
245 1 0 |a New Trends in Evaluation of Accounting Entity's Financial Performance Based on the Financial Statements  |c Miriama Blahušiaková 
500 |a Abstrakt 
610 2 0 |a analýza finančná 
610 2 0 |a uzávierka účtovná 
610 2 0 |a výnosy 
610 2 0 |a hodnota pridaná 
100 1 |a Blahušiaková, Miriama, 1980-